Advanced accounting : (Record no. 283313)
[ view plain ]
| 000 -LEADER | |
|---|---|
| fixed length control field | 00498nam a2200145Ia 4500 |
| 008 - FIXED-LENGTH DATA ELEMENTS--GENERAL INFORMATION | |
| fixed length control field | 150223s9999 xx 000 0 und d |
| 020 ## - INTERNATIONAL STANDARD BOOK NUMBER | |
| International Standard Book Number | 9710489800 |
| 050 ## - LIBRARY OF CONGRESS CALL NUMBER | |
| Classification number | HF 5636 |
| Item number | .G934 2011 |
| 100 ## - MAIN ENTRY--PERSONAL NAME | |
| Personal name | Guerrero, Pedro pages :et. al. |
| 245 ## - TITLE STATEMENT | |
| Title | Advanced accounting : |
| Remainder of title | principles and procedural applications / |
| Statement of responsibility, etc | Pedro pages :Guerrero et. al. |
| 250 ## - EDITION STATEMENT | |
| Edition statement | 2011 Ed. |
| 260 ## - PUBLICATION, DISTRIBUTION, ETC. (IMPRINT) | |
| Place of publication, distribution, etc | Philippines : |
| Name of publisher, distributor, etc | GIC Enterprises & Co., Inc., |
| Date of publication, distribution, etc | 2011 |
| 300 ## - PHYSICAL DESCRIPTION | |
| Extent | 463 pages : |
| Dimensions | 23 cm. |
| 650 ## - SUBJECT ADDED ENTRY--TOPICAL TERM | |
| Topical term or geographic name as entry element | Mathematics |
| General subdivision | Accounting |
No items available.